Korea: The limited war

Spremljeno u:
Bibliografski detalji
Glavni autor: David Ress
Format: Knjiga
Jezik:Undetermined
Izdano: New York Macmillan & Co Ltd 1964
Teme:
Oznake: Dodaj oznaku
Bez oznaka, Budi prvi tko označuje ovaj zapis!
Thư viện lưu trữ: Trung tâm Học liệu Trường Đại học Cần Thơ
LEADER 00442nam a2200169Ia 4500
001 CTU_91991
008 210402s9999 xx 000 0 und d
082 |a 951.9042 
082 |b R435 
100 |a David Ress 
245 0 |a Korea: The limited war 
245 0 |c David Ress 
260 |a New York 
260 |b Macmillan & Co Ltd 
260 |c 1964 
650 |a korean war, 1950-1953 
980 |a Trung tâm Học liệu Trường Đại học Cần Thơ